| 000 | 01754cam a2200457 a 4500 | ||
|---|---|---|---|
| 001 | 7164 | ||
| 003 | FISKH | ||
| 005 | 20250701081505.0 | ||
| 008 | 071030s2007 nyua j 000 1 eng d | ||
| 010 | _a 2007281482 | ||
| 020 |
_a1416938419 _qpbk. |
||
| 020 |
_a9781416938415 _qpbk. |
||
| 020 | _a9781847381552 | ||
| 040 |
_aBTCTA _cBTCTA _dBAKER _dXY4 _dIFA _dDLC _beng |
||
| 050 | _aPZ7.T233 D | ||
| 082 | _a 813.5 | ||
| 100 | 1 | _aTeitelbaum, Michael. | |
| 245 | 1 | 0 |
_aDora saves Mermaid Kingdom / _cadapted by Michael Teitelbaum ; based on the original teleplay by Valerie Walsh ; illustrated by Artful Doodlers. |
| 260 |
_aNew York : _bSimon and Schuster, _c2007. |
||
| 300 |
_a24 unnumbered pages : _bcolor illustrations ; _c21 cm |
||
| 336 |
_atext _btxt _2rdacontent |
||
| 337 |
_aunmediated _bn _2rdamedia |
||
| 338 |
_avolume _bnc _2rdacarrier |
||
| 490 | 0 |
_aDora the explorer ; _vBook 24 |
|
| 500 | _a"Based on the TV series Dora the Explorer as seen on Nick Jr."--T.p. verso. | ||
| 505 | _aJ | ||
| 520 | _aA mean octopus has dumped garbage all over Mermaid Kingdom and the only way to save the mermaids is to find the magic crown. | ||
| 521 | 8 |
_a430
_bLexile estimate |
|
| 521 | 8 |
_aJ
_bRaz-Plus |
|
| 650 | 1 |
_aMermaids _vFiction. |
|
| 650 | 1 |
_aRefuse and refuse disposal _vFiction. |
|
| 650 | 7 |
_aPollution _vFiction. _2sears |
|
| 650 | 7 |
_aRefuse and refuse disposal _vFiction. _2sears |
|
| 650 | 7 |
_aMermaids and mermen _vFiction. _2sears |
|
| 655 | 7 |
_aFiction. _2lcgft _0https://id.loc.gov/authorities/genreForms/gf2014026339 |
|
| 700 |
_aArtful Doodlers _eillustrator |
||
| 730 | 0 | _aDora the Explorer (Television program) | |
| 906 |
_a7 _bcbc _ccopycat _d2 _encip _f20 _gy-gencatlg |
||
| 942 |
_2ddc _cBK _n0 |
||
| 999 |
_c7164 _d7164 |
||